=LDR 00000nam 2200000 4500 =001 INLIS000000000031496 =005 20130612133549 =008 ***********************************ind** =035 ##$$0010-061300000031496 =041 ##$$a ind =082 ##$$a 028.55 =090 ##$$a 028.55, Mur, e =100 ##$$a MURHANSYAH =245 ##$$a Erau, , (Kemilau Kearifan Masa Silam) , Murhansyah =260 ##$$a Ganesa Exact $b Jakarta =300 ##$$a 58 hlm., , ilus., , 21 cm =650 ##$$a BACAAN ANAK-ANAK =700 ##$$a PURWANTO =850 ##$$a NBPNMAT